Compendio de didáctica general
Պահպանված է:
| Հիմնական հեղինակ: | |
|---|---|
| Ձևաչափ: | Գիրք |
| Լեզու: | իսպաներեն |
| Հրապարակվել է: |
Buenos Aires
Kapelusz
1963
|
| Շարք: | Biblioteca de Cultura Pedagógica
|
| Խորագրեր: | |
| Ցուցիչներ: |
Ավելացրեք ցուցիչ
Չկան պիտակներ, Եղեք առաջինը, ով նշում է այս գրառումը!
|
MARC
| LEADER | 00000nam a2200000 a 4500 | ||
|---|---|---|---|
| 001 | UCU2517 | ||
| 003 | CL-VaPUC | ||
| 008 | 960426e19630700AG |||||||||||||||||spa|d | ||
| 082 | 0 | 4 | |a 370.11 |b ALV |2 21 |
| 100 | 0 | |a Alves de Mattos, Luis |e author |9 358737 | |
| 245 | 1 | 0 | |a Compendio de didáctica general |
| 300 | |a 413 p | ||
| 942 | |c BK | ||
| 945 | |d 19960426 00:00:00 |a cmena | ||
| 260 | |a Buenos Aires |b Kapelusz |c 1963 | ||
| 650 | 0 | |a Educación |9 258661 | |
| 650 | 0 | |a Filosofía de la educación |9 258384 | |
| 650 | 0 | |a Teoría de la educación |9 309368 | |
| 650 | 0 | |a Planificación de la educación |9 307333 | |
| 650 | 0 | |a Disciplina escolar |9 271077 | |
| 650 | 7 | |a RENDIMIENTO |2 CL-VaPUC |9 260872 | |
| 583 | |a last modification |c 20160602 17:24:15 |k Rodrigo Vera | ||
| 490 | 0 | |a Biblioteca de Cultura Pedagógica | |
| 999 | |c 246791 |d 246789 | ||